LEADER 03364 am 2200733 n 450 001 9910554596503321 005 20220306 010 $a979-1-03-659142-6 024 7 $a10.4000/books.etnograficapress.7837 035 $a(CKB)4100000012812569 035 $a(FrMaCLE)OB-etnograficapress-7837 035 $a(oapen)https://directory.doabooks.org/handle/20.500.12854/85360 035 $a(PPN)261978179 035 $a(EXLCZ)994100000012812569 100 $a20220331j|||||||| ||| 0 101 0 $apor 135 $auu||||||m|||| 181 $ctxt$2rdacontent 182 $cc$2rdamedia 183 $acr$2rdacarrier 200 12$aA Imagem Predatória da Cidade: Uma Etnografia do Medo /$fXimene Rego 210 $aLisboa $cEtnográfica Press$d2022 215 $a1 online resource (360 p.) 225 1 $aEtnográfica Books 330 $a"De que temos medo no nosso confronto com as grandes urbes? Que figuras da ameaça convocam receios e evitamentos de espaços, grupos ou indivíduos específicos? Como molda a hipótese predatória o viver quotidiano, como se reflete o rumor insecurizante na nossa experiência de cidade? A Imagem Predatória da Cidade: Uma Etnografia do Medo é o livro que resulta da tese de doutoramento de Ximene Rego. Um trabalho a vários títulos singular: porque é uma etnografia levada a cabo por uma psicóloga, porque traz para a prática etnográfica um objeto aparentemente intangível como o sentimento de insegurança, porque põe frente a frente o medo à cidade nos portuenses e nos cariocas, com a investigação conduzida no Porto e no Rio de Janeiro. O rigor metodológico e a profundidade do trabalho de campo, a ampla discussão de um objeto tecido no cruzamento da antropologia, da sociologia, da criminologia e da psicologia, bem como uma escrita cuja firmeza não dispensa a elegância são a marca que Ximene Rego traz para a análise dos fenómenos urbanos que nos inquietam e fascinam. Fascínio é também aquilo de que são capazes as páginas deste livro, se nos deixarmos embrenhar na narrativa sobre o medo à cidade que elas nos propõem", Luís Fernandes 517 $aImagem Predatória da Cidade 517 $aImagem Predatória da Cidade 517 $aA Imagem Predatória da Cidade 606 $aAnthropology 606 $ainsegurança 606 $amedo do crime 606 $acidade 606 $aetnografia 606 $aviolence 606 $aethnographie 606 $ainsécurité 606 $apeur de la criminalité 606 $aethnography 606 $ainsecurity 606 $afear of crime 610 $aethnography 610 $aviolence 610 $ainsecurity 610 $afear of crime 615 4$aAnthropology 615 4$ainsegurança 615 4$amedo do crime 615 4$acidade 615 4$aetnografia 615 4$aviolence 615 4$aethnographie 615 4$ainsécurité 615 4$apeur de la criminalité 615 4$aethnography 615 4$ainsecurity 615 4$afear of crime 700 $aRego$b Ximene$01320847 701 $aCunha$b Manuela Ivone$01295136 701 $aVicentini$b Renato da Silva$01320848 801 0$bFR-FrMaCLE 906 $aBOOK 912 $a9910554596503321 996 $aA Imagem Predatória da Cidade: Uma Etnografia do Medo$93034456 997 $aUNINA LEADER 01693nam0 22003853i 450 001 VEA0037390 005 20251003044437.0 010 $a882046442X 100 $a20170405d1990 ||||0itac50 ba 101 | $aita 102 $ait 181 1$6z01$ai $bxxxe 182 1$6z01$an 183 1$6z01$anc$2RDAcarrier 200 1 $aMutamenti nelle aree urbane$epopolazione e occupazione dal 1951 al 1987$fdi Ornello Vitali 210 $aMilano$cF. Angeli$dc1990 215 $a252 p., [8] c. di tav. $cill.$d22 cm 225 | $aStudi urbani e regionali$v55 300 $aSul front.: Dipartimento di teoria economica e metodi quantitativi per le scelte politiche 300 $aSegue: Appendice. 410 0$1001CFI0019487$12001 $aStudi urbani e regionali$v55 676 $a307.20945$9COMUNITA. POPOLAZIONE. ITALIA$v21 676 $a307.2160945092$9$v21 686 $aIT/3438.1$cCETI URBANI ITALIA 1945-1968$2R 686 $aIT/4438.1$cCETI URBANI ITALIA 1968-1989$2R 686 $aIT/X430.7$cFONTI STATISTICHE ITALIA$2R 700 1$aVitali$b, Ornello$3CFIV002077$4070$032396 801 3$aIT$bIT-000000$c20170405 850 $aIT-BN0095 901 $bNAP 01$cPOZZO LIB.$nVi sono collocati fondi di economia, periodici di ingegneria e scienze, periodici di economia e statistica e altri fondi comprendenti documenti di economia pervenuti in dono. 912 $aVEA0037390 950 0$aBiblioteca Centralizzata di Ateneo$c1 v.$d 01POZZO LIB.ECON MON 949$e 0101 0070043455E VMA 1 v. (Precedente collocazione 4 EC 345)$fB $h20220704$i20220704 977 $a 01 996 $aMutamenti nelle aree urbane$9674432 997 $aUNISANNIO